| 000 | 00661cam a2200181 4500 | ||
|---|---|---|---|
| 001 | ABS60921 | ||
| 008 | 000000n1999 000 0 eng u | ||
| 035 | _a(Sirsi) u101461 | ||
| 100 | _aChapman, T | ||
| 245 | _aGround movement. | ||
| 260 | _c1999 | ||
| 490 |
_aArchitects' Journal _v210(2) 8 July 1999, 34-35(2) |
||
| 520 | _aDiscusses how ground movements can affect new buildings. Looks at the two types of movement: ground instability and changing ground stress and advises on how to allow for such movements in new structures. | ||
| 650 | _aGROUND MOVEMENT | ||
| 650 | _aINSTABILITY | ||
| 690 | _aBUILT ENVIRONMENT-BUILDING INSPECTION | ||
| 942 | _n0 | ||
| 999 |
_c60594 _d60594 |
||